| 000 | 00949nam a2200217 a 4500 | ||
|---|---|---|---|
| 001 | 47638 | ||
| 005 | 20180714031644.0 | ||
| 008 | 140415s2001 sp 000 0 spa d | ||
| 020 | _a8449310261 | ||
| 041 | _aspa | ||
| 082 |
_a302.2 _bDEB |
||
| 100 | 1 | _aDEBRAY, REGIS | |
| 245 | 1 | 0 | _aINTRODUCCION A LA MEDIOLOGIA |
| 250 | _a1a ed. | ||
| 260 |
_aESPAÑA : _bPAIDOS IBERICA, _c2001 |
||
| 300 |
_a179 _c21.9 x 13.7 x 2 |
||
| 520 | _aSE TRATA PUES, DE UN ÁMBITO DE ESTUDIOS EN PLENO AUGE QUE HALLA EN ESTA OBRA SU PRIMERA PUESTA A PUNTO. ACOMPAÑADA DE UN RECORRIDO CRÍTICO SOBRE SUS PRESUPUESTOS Y SUS RAMIFICACIONES. SÍNTESIS PRIMERA Y ACCESIBLE SOBRE UN TEMA QUE PRONTO SERÁ DE USO COMÚN, DE INTERÉS TANTO PARA ESTUDIANTES COMO PARA SIMPLES CURIOSOS, ESTE LIBRO ES TODO UN ACONTECIMIENTO CULTURAL. | ||
| 650 | 1 | 4 | _aMEDIOS DE COMUNICACION |
| 700 | 1 |
_aPUJOL I VALLS, NURIA _etr. |
|
| 740 | _aINTRODUCTION A LA MEDIOLOGIE | ||
| 999 |
_c47638 _d47638 |
||